Szczegóły MARC21

Deutsche Lyrik von Weckherlin bis Benn /

003 -Nazwa inst., której nr kontr. jest w polu 001 [,]
    • @
    • Nazwa instytucji, której n kontrolny jest w polu 001
    • NUKAT
005 -DATA I CZAS OSTATNIEJ MODYFIKACJI [,]
    • @
    • pole kontrolne
    • 20241231110418.0
040 -Instytucja sporządzająca opis [ , ]
    • a
    • Instytucja, która sporządziła opis (NP)
    • TOR U/MS
    • c
    • Instytucja, która sporządziła rekord (NP)
    • TOR U/MS
    • d
    • Instytucja, która zmodyfikowała rekord (P)
    • TOR U/LF
    • d
    • Instytucja, która zmodyfikowała rekord (P)
    • TOR U/IMs
    • d
    • Instytucja, która zmodyfikowała rekord (P)
    • KR 119/IK
942 -Rodzaj dokumentu [ , ]
    • c
    • Rodzaj dokumentu
    • Książka
245 -Strefa tytułu i oznaczenia odpowiedzialności [0,0]
    • a
    • Tytuł
    • Deutsche Lyrik von Weckherlin bis Benn / Find
    • c
    • Pozostałe elementy strefy tytułu i oznaczenia odpowiedzialności (NP)
    • [Adolf Beck et al.] ; hrsg. von Jost Schillemeit.
250 -Strefa wydania [ , ]
    • a
    • Oznaczenie wydania (NP)
    • Originalausg.
260 -Strefa adresu wydawniczego [ , ]
    • a
    • Miejsce wydania (P)
    • Frankfurt am Main ;
    • a
    • Miejsce wydania (P)
    • Hamburg :
    • b
    • Nazwa wydawcy (P)
    • Fischer Bücherei,
    • c
    • Data wydania (P)
    • 1965.
300 -Strefa opisu fizycznego [ , ]
    • a
    • Określenie formy książki i/lub objętość (NP)
    • 338, [1] s. ;
    • c
    • Format (NP)
    • 18 cm.
336 -Typ zawartości [ , ]
    • a
    • Termin opisujący typ zawartości
    • Tekst
    • b
    • Kod określający zawartość
    • txt
    • 2
    • Źródło (terminu i kodu)
    • rdacontent
337 -Typ mediów [ , ]
    • a
    • Tryb odtwarzania
    • Bez urządzenia pośredniczącego
    • b
    • Kod typu mediów
    • n
    • 2
    • Źródło (terminu i kodu)
    • rdamedia
338 -Typ/rodzaj nośnika [ , ]
    • a
    • Hasło opisujące typ nośnika
    • Wolumin
    • b
    • Kod typu nośnika
    • nc
    • 2
    • Źródło (terminu i kodu)
    • rdacarrier
490 -Strefa serii i książki wielotomowej - forma nie do wyszukiwania [1, ]
    • a
    • Tytuł (P)
    • Interpretationen ; Find
    • v
    • Numeracja (P)
    • Bd. 1
490 -Strefa serii i książki wielotomowej - forma nie do wyszukiwania [1, ]
    • a
    • Tytuł (P)
    • Fischer Bücherei ; Find
    • v
    • Numeracja (P)
    • 695
490 -Strefa serii i książki wielotomowej - forma nie do wyszukiwania [1, ]
    • a
    • Tytuł (P)
    • Fischer Bücherei. Bücher des Wissens Find
830 -Hasło dodatkowe serii i opisu książki wielotomowej - tytuł ujednolicony/tytuł [ ,0]
    • a
    • Tytuł ujednolicony/tytuł (NP)
    • Interpretationen - Fischer
    • v
    • Oznaczenie tomu (NP)
    • Bd. 1
    • 9
    • KHW
    • 543197
830 -Hasło dodatkowe serii i opisu książki wielotomowej - tytuł ujednolicony/tytuł [ ,0]
    • a
    • Tytuł ujednolicony/tytuł (NP)
    • Fischer Bücherei
    • v
    • Oznaczenie tomu (NP)
    • 695
    • 9
    • KHW
    • 96962
830 -Hasło dodatkowe serii i opisu książki wielotomowej - tytuł ujednolicony/tytuł [ ,0]
    • a
    • Tytuł ujednolicony/tytuł (NP)
    • Fischer Bücherei.
    • p
    • Nazwa części/podserii/sekcji (P)
    • Bücher des Wissens
    • 9
    • KHW
    • 100288
500 -Uwaga ogólna [ , ]
    • a
    • Uwaga ogólna (NP)
    • Nr serii gł.: 695.
504 -Uwaga dot. bibliogr. załącznikowej [ , ]
    • a
    • Uwaga dot. bibliografii załącznikowej
    • Bibliogr. s. 337-339.
080 -Uniwersalna Klasyfikacja Dziesiętna [ , ]
    • a
    • Symbol klasyfikacji
    • 830(091)"17/19"(082.1)=30
650 -Hasło przedmiotowe [ ,7]
    • a
    • Hasło przedmiotowe
    • Poezja niemiecka
    • x
    • Określnik rzeczowy
    • historia i krytyka.
    • 2
    • Źródło terminu
    • kaba
    • 9
    • KHW
    • 451086
980 -Symbol UKD [ , ]
    • a
    • UKD
    • 830(091)"17/19"(082.1)=30
700 -Hasło dodatkowe - nazwa osobowa [1, ]
    • a
    • Nazwa osobowa (NP)
    • Beck, Adolf Find
    • d
    • Daty biograficzne (NP)
    • (1906-1981).
    • 9
    • KHW
    • 460709
700 -Hasło dodatkowe - nazwa osobowa [1, ]
    • a
    • Nazwa osobowa (NP)
    • Schillemeit, Jost. Find
    • e
    • Określenie rodzaju współpracy
    • Red.
    • 9
    • KHW
    • 542752
Data inwentaryzacji Lokalizacja Status udost. Numer inwentarzowy Sygnatura
1998-08-17BM1G.11172 
1998-08-17BM-3G.13190Germ. Literaturoznawstwo 11